Statistics for PlayStation Classic games

Click here to take the quiz!

General Stats

  • This quiz has been taken 8 times
  • The average score is 8 of 20

Answer Stats

Answer% Correct
Final Fantasy VII
100%
Tekken 3
100%
Resident Evil: Director's Cut
71%
Rayman
57%
Syphon Filter
57%
Metal Gear Solid
57%
Battle Arena Toshinden
43%
Twisted Metal
43%
Tom Clancy's Rainbow Six
43%
Wild Arms
43%
Grand Theft Auto
43%
Oddworld: Abe's Oddysee
29%
Jumping Flash!
29%
Intelligent Qube
29%
Destruction Derby
29%
Cool Boarders 2
14%
Mr. Driller
14%
Revelations: Persona
14%
Super Puzzle Fighter II Turbo
14%
R4: Ridge Racer Type 4
14%

Score Distribution

Percentile by Number Answered

Percent of People with Each Score

Your Score History

You have not taken this quiz